The ordeal of change

Saved in:
Bibliographic Details
Main Author: Hoffer, Eric
Format: Book
Language:English
Published: New York : Harper & Row, [1963]
Subjects:
Tags: Add Tag
No Tags, Be the first to tag this record!

MARC

LEADER 00000cam a2200000 a 4500
001 1/113526
008 170328s1963####nyu| ||| |||| ||eng||
040 |a GR-MyUa  |b gre  |c GR-MyUa  |e AACR2 
041 0 |a eng 
082 7 |a 303.4   |2 (23) 
100 1 |a Hoffer, Eric. 
245 1 4 |a The ordeal of change /   |c by Eric Hoffer.  
260 |a New York :   |b Harper & Row,   |c [1963]  
300 |a 150 σ. ;   |c 22 εκ.  
504 |a Περιλαμβάνει βιβλιογραφία.  
650 0 |a Social change 
852 |a INST  |b LESVOS  |e 20170328  |h 303.4 HOF  |p 005100058985  |q 005100058985  |t BK  |y 0 
970 |a Τζαφέρη  |b Ευαγγελία  |z 28-03-2017